A Song of Ice and Fire Logic Puzzle Quiz Stats

 Plays Quiz Updated Apr 20, 2014

Support Sporcle.
Go Orange.
Score 0/30 Timer 20:00
68 Plays Today
% Correct
???
100%
???
76.3%
???
76%
???
64.2%
???
61.7%
???
60.8%
???
56.4%
???
44.7%
???
39.4%
???
36.7%
???
34.9%
???
34%
???
33.7%
???
33.3%
???
30.4%
% Correct
???
30.2%
???
28.5%
???
28.5%
???
28.2%
???
28.1%
???
28.1%
???
25.4%
???
23.1%
???
21.2%
???
20.4%
???
16%
???
15.3%
???
13.4%
???
13%
???
12.4%

You're not logged in!

Compare scores with friends on all Sporcle quizzes.
OR
Log In

From the Vault

Find the Cartoon Kids

by kfastic

It's never good to lose a kid.
Remove Ads.
Support Sporcle.
Get the best of Sporcle when you Go Orange. This ad-free experience offers more features, more stats, and more fun while also helping to support Sporcle. Thank you for becoming a member.

Show Comments

Extras

Top Quizzes Today


Score Distribution

Your Account Isn't Verified!

In order to create a playlist on Sporcle, you need to verify the email address you used during registration. Go to your Sporcle Settings to finish the process.

Report this User

Report this user for behavior that violates our Community Guidelines.

Details: